• 首页
  • 本馆介绍
  • 公告通知
  • 最新文献
  • 馆藏检索
  • 电子资源
  • 读者导购
  • 参考咨询
  • 我的图书馆
  • 登录
  • 详细信息显示
  • 放入我的书架
  • 预约/预借图书
  • 作者相关作品
  • 分类相关作品
  • 丛书相关作品
  • 出版社相关作品

书目信息

  • 表格格式
  • 工作单格式
  • 卡片格式
题名:
线性代数题库
    
 
作者: 方世荣 编著
分册: 上册  
出版信息: 台北   晓园出版社  
页数: 628页
开本: 22cm
丛书名:
单 册:
中图分类: O151.2-44
科图分类:
主题词: 线性代数--解题
电子资源:
ISBN: 7-5062-1829-1
000 00644nnam 2200217 45
001 0196005957
005 20061119151955.59
010    @a7-5062-1829-1@dCNY45.00
100    @a19950617d1995 em y0chiy0121 ea
101 0  @achi
102    @aCN@b110000
105    @ay q 000yy
200 10 @a线性代数题库@AXIAN XING DAI SHU TI KU@h上册@f方世荣编著@FFANG SHI RONG BIAN ZHU
210    @a台北@c晓园出版社@e北京@g世界图书出版公司北京公司@h1995重印
215    @a628页@d22cm
300    @a国内发行
606    @a线性代数@x解题
690    @aO151.2-44
701  0 @a方世荣@AFANG SHI RONG@4编著
801  0 @aCN@bTSSF@c20061119
905    @a10447@dO151.2-44@e111:1
    
    线性代数题库.上册/方世荣编著.-台北:晓园出版社(北京:世界图书出版公司北京公司,1995重印)
    628页;22cm
    国内发行
    
    ISBN 7-5062-1829-1:CNY45.00
    
●
相关链接 在E读中查询图书 在五车中查询图书 在当当中查询图书 在豆瓣中查询图书


正题名:线性代数题库     索取号:O151.2-44/111:1         预约/预借

序号 登录号 条形码 馆藏地/架位号 状态 备注
1 0269510   000413993   第二样本阅览室/ [索取号:O151.2-44/111:1] 在馆    
唐山师范学院图书馆 欢迎您!
大连网信软件有限公司© 版权所有